000
00311nam a2200121Ia 4500
008
190216s9999||||xx |||||||||||||| ||und||
100
_a
"Menkel Hc,Eubanks Le,Charlton Rph"
245
0
_a
Tested Ways To Health
260
_b
The Oriented Watchman Publ
_c
1960
300
_a
111p
650
_a
Health
942
_c
REF
999
_c
35198
_d
35198